00556 2200193 4500001002100000005001500021035002000036007000300056008004100059020001500100082001200115084001800127100001800145245003700163260003500200500009900235650001100334856001700345INLIS00000000000027720220329091201 a0010-0322000075ta220329 g 0 ind  a9796624010 a297.125 a297.125 KHA h0 aKhabib Basori1 aHadis-Hadis Pilihan untuk Remaja aKlaten :bCempaka Putih,c2008 aPemilihan hadisnya didasarkan pada tema-tema tertentu yang biasa dihadapi oleh karangan remaja 4aHadits aKoleksi Umum